Statistics for Countries with the Most Expensive Movie Ticket Prices

Click here to take the quiz!

General Stats

  • This quiz has been taken 41 times
  • The average score is 11 of 15

Answer Stats

Avg. Price Country % Correct
$10.90United Kingdom
95%
$12.77Japan
92%
$10.71Germany
86%
$12.95Australia
86%
$11.35Denmark
84%
$15.22Sweden
84%
$15.79Norway
81%
$12.80Finland
78%
$16.80Switzerland
78%
$10.75Netherlands
78%
$10.90Austria
70%
$11.27United Arab Emirates
68%
$10.67Qatar
54%
$17.48Bahrain
51%
$10.30Cyprus
16%

Score Distribution

Percentile by Number Answered

Percent of People with Each Score

Your Score History

You have not taken this quiz